Study of the treatment of cutaneous fungal infection in animal model using photoactivated composite of methylene blue and metal nanoparticle / (رقم التسجيلة. 70329)
[ عرض عادي ]
| 000 -LEADER | |
|---|---|
| fixed length control field | 02833cam a2200349 a 4500 |
| 003 - CONTROL NUMBER IDENTIFIER | |
| control field | EG-GiCUC |
| 005 - DATE AND TIME OF LATEST TRANSACTION | |
| control field | 20250223032211.0 |
| 008 - FIXED-LENGTH DATA ELEMENTS--GENERAL INFORMATION | |
| fixed length control field | 190219s2018 ua h f m 000 0 eng d |
| 040 ## - CATALOGING SOURCE | |
| Original cataloging agency | EG-GiCUC |
| Language of cataloging | eng |
| Transcribing agency | EG-GiCUC |
| 041 0# - LANGUAGE CODE | |
| Language code of text/sound track or separate title | eng |
| 049 ## - LOCAL HOLDINGS (OCLC) | |
| Holding library | Deposite |
| 097 ## - Thesis Degree | |
| Thesis Level | Ph.D |
| 099 ## - LOCAL FREE-TEXT CALL NUMBER (OCLC) | |
| Classification number | Cai01.24.03.Ph.D.2018.Is.S |
| 100 0# - MAIN ENTRY--PERSONAL NAME | |
| Personal name | Islam Mohamed Noaman Mohamed |
| 245 10 - TITLE STATEMENT | |
| Title | Study of the treatment of cutaneous fungal infection in animal model using photoactivated composite of methylene blue and metal nanoparticle / |
| Statement of responsibility, etc. | Islam Mohamed Noaman Mohamed ; Supervised Mona Mohamed Soliman , Abeer Attia Tawfik ,Hassan Ibraheem H. Elsayyad |
| 246 15 - VARYING FORM OF TITLE | |
| Title proper/short title | علاج الفطريات الجلدية في نموذج حيواني باستخدام مركب الميثيلين الأزرق وجسيمات النانو المعدنية المستحثة بالضوء |
| 260 ## - PUBLICATION, DISTRIBUTION, ETC. | |
| Place of publication, distribution, etc. | Cairo : |
| Name of publisher, distributor, etc. | Islam Mohamed Noaman Mohamed , |
| Date of publication, distribution, etc. | 2018 |
| 300 ## - PHYSICAL DESCRIPTION | |
| Extent | 78 P. : |
| Other physical details | facsimiles ; |
| Dimensions | 25cm |
| 502 ## - DISSERTATION NOTE | |
| Dissertation note | Thesis (Ph.D.) - Cairo University - National Institute of Laser Enhanced Sciences - Department of Laser Applications in Medical and Biological |
| 520 ## - SUMMARY, ETC. | |
| Summary, etc. | Background: Onychomycosis is a widespread public health problem, in which T. rubrum and T. mentagro-phytes is the commenest causative organisms. Current medical therapy has many drawbacks and sideeffects. Methylene blue (m.b) photodynamic therapy (pdt) proved efficacy but with lengthy sessions.Objectives: Optimizing methylene blue photodynamic therapy by combination of methylene blue pho-tosensitizer and gold nanoparticles (aunps) in a composite as gold nanoparticles are efficient delivery systems and efficient enhancers of photosensitizers for antifungal photodynamic therapy. Materials and methods: Eighty newzealand rabbit (Oryctolagus cuniculus) were used and categorized ineight equal groups as follows; healthy and infection control, composite photodynamic therapy and five comparative groups. Photodynamic therapy was initiated at day three to five post inoculation, for four sessions forty-eight hours apart. Each group divided and light exposure at two fluencies; 80 J and 100 J. All groups were investigated macroscopically and microscopically (histopathology and scanning electron microscope) also flowcytometry assessment for cell death and X-ray analysis for gold nanoparticles accumulation in brain and liver tissues were determined |
| 530 ## - ADDITIONAL PHYSICAL FORM AVAILABLE NOTE | |
| Additional physical form available note | Issued also as CD |
| 653 #4 - INDEX TERM--UNCONTROLLED | |
| Uncontrolled term | Dermatophytosis |
| 653 #4 - INDEX TERM--UNCONTROLLED | |
| Uncontrolled term | Methylene blue photodynamic therapy |
| 653 #4 - INDEX TERM--UNCONTROLLED | |
| Uncontrolled term | Onychomycosis |
| 700 0# - ADDED ENTRY--PERSONAL NAME | |
| Personal name | Abeer Attia Tawfik , |
| Relator term | |
| 700 0# - ADDED ENTRY--PERSONAL NAME | |
| Personal name | Hassan Ibraheem H. Elsayyad , |
| Relator term | |
| 700 0# - ADDED ENTRY--PERSONAL NAME | |
| Personal name | Mona Mohamed Soliman , |
| Relator term | |
| 856 ## - ELECTRONIC LOCATION AND ACCESS | |
| Uniform Resource Identifier | <a href="http://172.23.153.220/th.pdf">http://172.23.153.220/th.pdf</a> |
| 905 ## - LOCAL DATA ELEMENT E, LDE (RLIN) | |
| Cataloger | Asmaa |
| Reviser | Cataloger |
| 905 ## - LOCAL DATA ELEMENT E, LDE (RLIN) | |
| Cataloger | Nazla |
| Reviser | Revisor |
| 942 ## - ADDED ENTRY ELEMENTS (KOHA) | |
| Source of classification or shelving scheme | Dewey Decimal Classification |
| Koha item type | Thesis |
| Source of classification or shelving scheme | Not for loan | Home library | Current library | Date acquired | Full call number | Barcode | Date last seen | Koha item type | Copy number |
|---|---|---|---|---|---|---|---|---|---|
| Dewey Decimal Classification | المكتبة المركزبة الجديدة - جامعة القاهرة | قاعة الرسائل الجامعية - الدور الاول | 11.02.2024 | Cai01.24.03.Ph.D.2018.Is.S | 01010110077084000 | 22.09.2023 | Thesis | ||
| Dewey Decimal Classification | المكتبة المركزبة الجديدة - جامعة القاهرة | مخـــزن الرســائل الجـــامعية - البدروم | 11.02.2024 | Cai01.24.03.Ph.D.2018.Is.S | 01020110077084000 | 22.09.2023 | CD - Rom | 77084.CD |